[Európska sociálna politika]
Recenzia na monografiu autorky Ivety Dudovej - Európska sociálna politika. Charakteristika európskeho sociálne modelu. Sociálna ochrana. Modely regionálnej skupiny systémov sociálnej ochrany v Európskej únii. Otázky modernizácie európskych systémov sociálnej ochrany.
Guardado en:
| Autor principal: | |
|---|---|
| Formato: | Capítulo de libro |
| Lenguaje: | eslovaco |
| Materias: | |
| Etiquetas: |
Sin Etiquetas, Sea el primero en etiquetar este registro!
|
MARC
| LEADER | 00000naa a2200000 4500 | ||
|---|---|---|---|
| 001 | 0125195 | ||
| 005 | 20240502072426.8 | ||
| 041 | 0 | |a slo | |
| 044 | |a SK | ||
| 245 | 1 | 0 | |a [Európska sociálna politika] |c Vojtech Stanek |
| 520 | |a Recenzia na monografiu autorky Ivety Dudovej - Európska sociálna politika. Charakteristika európskeho sociálne modelu. Sociálna ochrana. Modely regionálnej skupiny systémov sociálnej ochrany v Európskej únii. Otázky modernizácie európskych systémov sociálnej ochrany. | ||
| 610 | 2 | 0 | |a politika sociálna |
| 610 | 2 | 0 | |a poistenie sociálne |
| 610 | 2 | 0 | |a Európska únia |
| 610 | 2 | 0 | |a recenzie |
| 100 | 1 | |a Stanek, Vojtech | |